000 00635nam a2200217 a 4500
001 22358
003 CO-ViMGA
008 141112s2004 ck r 000 u spa d
020 _a9789583021268
040 _aCO-ViMGA
_bspa
_cCO-ViMGA
082 0 4 _aALEe
100 1 _aAlekos,
_931718
245 1 0 _aEspantajos
260 _aBogotá :
_bPanAméricana,
_c2006
300 _a44
490 _aColección OA infantil
590 _aForma de adquisición : Donacion - - Precio : 15.000 - - Fecha de adquisición : Febrero 2008
650 1 4 _aNOCHE - POESÍA INFANTIL
_931719
650 1 4 _aPOESIA INFANTIL COLOMBIANA
_9943
942 _2ddc
_cBK
999 _c30682
_d30682